Wortgemisch-Städte in Thüringen - Statistiken

Allgemein
  • Dieses Quiz wurde 340 mal gespielt
  • Das Durchschnittsergebnis liegt bei 4 aus 5
Antwortstatistiken
Stadt % Korrekt
Jena
99%
Gera
97%
Weimar
95%
Gotha
94%
Erfurt
93%
Suhl
93%
Greiz
79%
Meiningen
68%
Eisenach
53%
Nordhausen
48%
Keine übereinstimmenden Quizze gefunden
Verteilung der Resultate
Anzahl Personen mit jedem Resultat
Perzentil nach korrekt beantworteten Fragen
Ihre Resultats-Entwicklung
Sie haben dieses Quiz noch nicht gespielt